00707nam a2200229 a 4500001001300000003000900013005001700022008004100039020002400080082001700104100001900121245004300140260005000183300000900233500003500242650001600277700001900293902000800312942000700320952013300327999001700460nice12345678IN_TiNIC20260116014031.0100108s2009 cama grp 000 0 eng  a9780521678742c287000a340.59bHAL4 aHallaq, Wael B aSharia Theory Practice Transformations aCambridge bCambridge University Press c2009 a614p aincludes index and biblioraphy aIslamic-Law1 aHallaq, Wael B bSRS cBK 001040708StackRoom-aHMIbHMId2010-08-18g2870.00l12o340.59 HAL4p023063r2022-08-16s2022-08-03v2870.00w2010-01-08yBK c13591d13591